[Event "Pfalz op-B 10th"]
[Site "Neustadt an der Weinstrasse"]
[Date "2019.03.02"]
[Round "3"]
[White "Henn, Peter"]
[Black "Lohkaemper, Thomas"]
[Result "1/2-1/2"]
[WhiteElo "1777"]
[BlackElo "1685"]
[PlyCount "64"]
[EventDate "2019.03.01"]
[EventType "swiss"]
[EventRounds "7"]
[EventCountry "GER"]
[SourceTitle "CBM 189 Extra"]
[Source "ChessBase"]
[SourceDate "2019.06.03"]
[SourceVersion "1"]
[SourceVersionDate "2019.06.03"]
[SourceQuality "1"]

1. Nf3 f5 2. c4 Nf6 3. Nc3 e6 4. d4 b6 5. d5 Bd6 6. Nb5 0-0 7. Nxd6 cxd6 8. Qc2 Bb7 9. Bg5 Na6 10. Nd4 Qe7 11. Qd2 Rac8 12. e3 Nc5 13. f3 h6 14. Bh4 g5 15. Bf2 Nh5 16. Bd3 Ng7 17. dxe6 dxe6 18. b4 Nd7 19. Be2 Ne5 20. Rc1 Ba6 21. b5 Bb7 22. 0-0 Rfd8 23. Qb4 Ng6 24. Bd3 d5 25. Qxe7 Nxe7 26. f4 dxc4 27. Bxc4 Bd5 28. Bxd5 Nxd5 29. Rxc8 Rxc8 30. Nc6 gxf4 31. exf4 Nh5 32. g3 Nhf6 1/2-1/2